| 000 -ლიდერი |
| ფიქსირებული სიგრძის საკონტროლო ველი |
01591nam a2200301Ia 4500 |
| 001 - საკონტროლო ნომერი |
| საკონტროლო ველი |
22129 |
| 003 - საკონტროლო ნომრის იდენტიფიკატორი |
| საკონტროლო ველი |
GE_BSU |
| 005 - ბოლო ოპერაციის თარიღი და დრო |
| საკონტროლო ველი |
20221115110851.0 |
| 008 - ფიქსირებული სიგრძის მონაცემთა ელემენტები - ზოგადი ინფორმაცია |
| ფიქსირებული სიგრძის საკონტროლო ველი |
181216s ||||ge |||||||||||||| ||geo|| |
| 020 ## - წიგნის საერთაშორისო სტანდარტული ნომერი |
| International Standard Book Number |
9789941213113 |
| 040 ## - კატალოგიზაციის წყარო |
| Transcribing agency |
GE_BSU |
| 041 ## - ენის კოდი |
| Language code of text/sound track or separate title |
geo |
| 080 ## - უნივერსალური ათობითი კლასიფიკაციის ინდექსი |
| Universal Decimal Classification number |
791.228(73) უ-50 |
| 245 ## - ცნობა სათაურის შესახებ |
| Title |
უოლტ დისნეი = Walt Disney : |
| Remainder of title |
[ამერიკელი მულტიპლიკატორი] ბიზნესის გენია ტ. 3 / |
| Statement of responsibility, etc |
შემდგ. ნათია დოლიძე ; მთ. რედ. ნინო დეკანოსიძე. |
| 264 ## - წარმოების, გამოცემის, დისტრიბუციის და სხვა ცნობები |
| გამოცემის, წარმოების, დისტრიბუციის... ადგილი |
თბილისი : |
| გამოცემის, წარმოების, დისტრიბუციის... სახელწოდება |
პალიტრა L, |
| გამოცემის, წარმოების, დისტრიბუციის... თარიღი |
2013. |
| 300 ## - ფიზიკური აღწერა |
| Extent |
88 გვ. : |
| Other physical details |
ფოტ. ; |
| Dimensions |
20 სმ. |
| 490 ## - სერიის ცნობა |
| Series statement |
ბიზნესის გენია 2298-0989 |
| Volume number/sequential designation |
ტ. 3 |
| 501 ## - შენიშვნა თანმხლებ მასალაზე |
| With note |
გამოყენებული ფოტომასალა გვ. : 86-87 |
| 653 ## - INDEX TERM--UNCONTROLLED |
| Uncontrolled term |
ამერიკელი ანიმატორები |
| 653 ## - INDEX TERM--UNCONTROLLED |
| Uncontrolled term |
უოლტ დისნეი = Walt Disney |
| 653 ## - INDEX TERM--UNCONTROLLED |
| Uncontrolled term |
[ამერიკელი მულტიპლიკატორი] ბიზნესის გენია ტ. 3 |
| 653 ## - INDEX TERM--UNCONTROLLED |
| Uncontrolled term |
ხელოვნება |
| 653 ## - INDEX TERM--UNCONTROLLED |
| Uncontrolled term |
მასობრივი გასართობი წარმოდგენები |
| 700 ## - ADDED ENTRY--PERSONAL NAME |
| Personal name |
დოლიძე, ნათია |
| Relator term |
შემდგენელი |
| 9 (RLIN) |
15808 |
| 700 ## - ADDED ENTRY--PERSONAL NAME |
| Personal name |
დეკანოსიძე, ნინო |
| Relator term |
მთავარი რედაქტორი |
| 9 (RLIN) |
15790 |
| 942 ## - ADDED ENTRY ELEMENTS (KOHA) |
| Koha item type |
წიგნი |
| Source of classification or shelving scheme |
|